| 000 | 00460nam a2200157 4500 | ||
|---|---|---|---|
| 001 | 123645 | ||
| 003 | ES-MaACL | ||
| 005 | 20230906192219.0 | ||
| 007 | t| | ||
| 008 | 070214s1958 sp r ||||1| spa d | ||
| 100 | 1 |
_aRaida, Pedro. _995023 |
|
| 245 | 1 | 0 |
_aActitudes heroicas en horizontes egregios de mundo mejor / _cPedro Raida. |
| 260 |
_aMadrid : _b[s. n.], _c1958 ( _fGráf. Uguina) |
||
| 300 |
_a108 p. ; _c19 cm. |
||
| 852 |
_aES-MaACL _jC-15998 _bR.42403 |
||
| 999 |
_c123645 _d123645 |
||